01509nam a22003257a 4500003000400000005001600004007000400020008004100024010003700065024002900102035001900131035002000150040001300170245011500183260001900298300005000317440001900367500003500386500008800421508026000509538010900769538017100878650001901049700002001068700002001088700001901108700002001127700002001147700001601167dpl2008090303483.0DVD050907s2005 cau105 g 00| 0 eng d aDVD-000803-805 & DVD-005744-5748 a4.02.4.03.022.08c499.00 aDVD-000803-805 aDVD-005744-5748 aDPLcDPL aMr. Bean's Holiday :h[videorecording] DVD /cUniversal Pictures PresentsbDisaster Is Just Small Step Away bBig Home Video a1 videocassette bsd., col. ;c4-3/4 in.fDVD aBig Home Video aOne Man's Journey To The Beach aBonus Features: Deleted Scenes, Billy Elliot Musical Trailer, Even Almighty Trailer aDirector of photography, Oliver Wood ; art directors, Shepherd Frankel, Don Macaulay ; editor, William Hoy ; music, Miri Ben-Ari, John Ottman ; costume designer, Jose Fernandez, Wendy Partridge ; production designer, Bill Boes ; visual effects supervisors aDolby digital 5.1, English, French, Russian Subtitles in English, French, Arabic, Danish, Dutch, Finnish aAspect Ratio 1:85.1,Presentation Type: Wide Screen, Presentation Size: 16x9, Format: DVD 9 Dual Layer Single Sided Disc. Layer Transition may trigger a slight pause.  aMotion Picture aAtkinson, Rowan aGoodall, Howard aYvesga Yraud,  aCranstoun, Tony aCarlin, Michael aIrvine, Baz